| 000 | 00991nam a2200337 b 4500 | ||
|---|---|---|---|
| 001 | 02107541 | ||
| 003 | DO-SdBNP | ||
| 005 | 20180126105046.0 | ||
| 007 | 02107541 | ||
| 008 | 060531s1981 sp | ||| ||spa | ||
| 016 | 7 |
_a _2BPMSU |
|
| 017 |
_a _b |
||
| 020 | _a840207653X | ||
| 035 | _a | ||
| 040 |
_aBPMSU _bspa _cBPMSU _e |
||
| 041 | 1 |
_aspa _h |
|
| 080 | 0 | _a | |
| 100 | 1 |
_aVerne, Jules _d1828-1905 |
|
| 240 | 1 | 4 |
_aLes enfants du capitaine Grant _lespañol |
| 245 | 1 | 4 |
_aLos hijos del capitán Grant / _h _cJulio Verne ;adaptación de Rosa M. Rosa ; ilustraciones de José M. Alvarez |
| 250 | _a | ||
| 260 |
_aBarcelona : _bBrugueras _c1981 |
||
| 300 |
_a174 p.: _bil.; _c25 cm |
||
| 490 | 0 |
_aHistoria _aBiblioteca verde _v31 |
|
| 700 | 1 | _a Cort, Rosa M. | |
| 700 | 1 |
_a Alvarez, José M. _q |
|
| 830 |
_aHistoria _pBiblioteca verde _v31 |
||
| 942 |
_2ddc _cBK |
||
| 945 | _aInventariado extranjero / 2018 VM | ||
| 956 |
_a VMATEO _210 _320160509 _6BPMSU _80069 |
||
| 999 |
_c10026 _d10026 |
||